Central Library OPAC University of Rajshahi

Yale classical studies / (Record no. 19207)

MARC details
000 -LEADER
fixed length control field 00743nas a2200229 a 4500
001 - CONTROL NUMBER
control field 19207
003 - CONTROL NUMBER IDENTIFIER
rucl marc code BD-RjUL
005 - DATE AND TIME OF LATEST TRANSACTION
control field 20211209000411.0
008 - FIXED-LENGTH DATA ELEMENTS--GENERAL INFORMATION
fixed length control field 140223s1935 enkau 0 a0eng d
035 ## - SYSTEM CONTROL NUMBER
System control number (BD-RjUL)19265
040 ## - CATALOGING SOURCE
Original cataloging agency WAU
Language of cataloging eng
Transcribing agency WAU
Modifying agency NNCU:A
-- SUA
-- BD-RjUL
041 ## - LANGUAGE CODE
Language code of text/sound track or separate title eng
082 04 - DEWEY DECIMAL CLASSIFICATION NUMBER
Edition number 20
Classification number 480
Author mark and year YAL V-5 1935
245 00 - TITLE STATEMENT
Title Yale classical studies /
Statement of responsibility, etc. edited by Austin m. Harmon.
Number of part/section of a work VOLUME FIVE
260 ## - PUBLICATION, DISTRIBUTION, ETC. (IMPRINT)
Place of publication, distribution, etc. London :
Name of publisher, distributor, etc. Cambridge University Press,
Date of publication, distribution, etc. 1935.
300 ## - PHYSICAL DESCRIPTION
Pagination 304 p. :
Illustrations ill. ;
Size 24 cm.
650 #0 - SUBJECT ADDED ENTRY--TOPICAL TERM
Topical term or geographic name as entry element Classical philology.
9 (RLIN) 59094
Topical term or geographic name as entry element Classical literature
General subdivision History and criticism.
9 (RLIN) 59095
700 1# - ADDED ENTRY--PERSONAL NAME
Personal name Harmon, Austin M.
710 2# - ADDED ENTRY--CORPORATE NAME
Corporate name or jurisdiction name as entry element Yale University.
Subordinate unit Department of Classics.
9 (RLIN) 59097
942 ## - ADDED ENTRY ELEMENTS (KOHA)
Source of classification or shelving scheme Dewey Decimal Classification
Koha item type Books
Holdings
Lost status Source of classification or shelving scheme Damaged status Not for loan Collection code Permanent Location Current Location Shelving location Date acquired Source of acquisition Cost, normal purchase price Total Checkouts Full call number Date last seen Copy number Koha item type
  Dewey Decimal Classification   Not For Loan Non-fiction Central Library, University of Rajshahi Central Library, University of Rajshahi Reading Room 23/01/1958 Blackwell 1.40   480 YAL V-5 1935 23/02/2014 C-1 Books